SPARADHA PARIKHSHA AATYAVSHAKA AKAGANIT (Record no. 1219742)

MARC details
000 -LEADER
fixed length control field 00414nam a2200169Ia 4500
008 - FIXED-LENGTH DATA ELEMENTS--GENERAL INFORMATION
fixed length control field 260407s2015 xx 000 0 und d
041 ## - LANGUAGE CODE
Language code of text/sound track or separate title eng
082 ## - DEWEY DECIMAL CLASSIFICATION NUMBER
Classification number 510/SAG
Item number 12250
100 ## - MAIN ENTRY--PERSONAL NAME
Personal name K.SAGAR
245 ## - TITLE STATEMENT
Title SPARADHA PARIKHSHA AATYAVSHAKA AKAGANIT
250 ## - EDITION STATEMENT
Edition statement 6TH
260 ## - PUBLICATION, DISTRIBUTION, ETC.
Place of publication, distribution, etc. PUNE
Name of publisher, distributor, etc. K.SAGAR PUB HOUSE
Date of publication, distribution, etc. 2015
300 ## - PHYSICAL DESCRIPTION
Extent 219p
650 ## - SUBJECT ADDED ENTRY--TOPICAL TERM
Topical term or geographic name entry element GENERAL
650 ## - SUBJECT ADDED ENTRY--TOPICAL TERM
Topical term or geographic name entry element GENERAL
700 ## - ADDED ENTRY--PERSONAL NAME
Personal name DR. PRADEEP AAGASHE
Holdings
Withdrawn status Lost status Damaged status Not for loan Home library Current library Date acquired Cost, normal purchase price Total Checkouts Full call number Barcode Date last seen Price effective from Koha item type
        College of Pharmacy, Kolhapur College of Pharmacy, Kolhapur 08/04/2026 125.00   510/SAG/12250 PCK-12250 08/04/2026 08/04/2026 Book